| 000 | 00643nab a2200181 4500 | ||
|---|---|---|---|
| 001 | 244442 | ||
| 003 | OSt | ||
| 005 | 20240702073218.0 | ||
| 007 | tu | ||
| 008 | 200917s2020||||||| | ||
| 040 |
_aDE-2950 _cDE-2950 |
||
| 245 | 0 | 0 |
_aMit dröhnender Musik gegen den Verlust von Arbeitsplätzen _bBühne. Mit zwei Tagen voll energiegeladener Auftritte und Darbietungen feierte das Unithea-Festival in Frankfurt und Slubice sein Comeback _cJanine Reinschmidt |
| 264 | _c2024 | ||
| 653 | _aFrankfurt (Oder) | ||
| 653 | _aUnithea | ||
| 773 | 0 |
_g35. Jahrgang (2024) Nr. 145 vom 24.06.2024, S. 13, mit Foto _tMärkische Oderzeitung |
|
| 942 |
_2z _cA |
||
| 999 |
_c373219 _d373219 |
||